| 000 | 00654nam a2200253Ia 4500 | ||
|---|---|---|---|
| 008 | 170712s9999 xx 000 0 und d | ||
| 020 | _a9789712720178 | ||
| 050 | _a658.4 | ||
| 050 | _bM189 2008 | ||
| 100 | _aMagdaraog, Victor L. | ||
| 245 | _aExtraordinary stories for aspiring leaders / | ||
| 245 | _cby Victor L. Magdaraog and Nikki Katherine M. Dy-Liacco. | ||
| 260 | _aPhilippines : | ||
| 260 | _bAnvil, | ||
| 260 | _c2008 | ||
| 300 | _a245 pages : | ||
| 300 | _billustrations ; | ||
| 300 | _c22cm. | ||
| 650 | _aLeadership -- | ||
| 650 | _aLeadership. | ||
| 650 | _aPhilippines. | ||
| 650 | _aTitle. | ||
| 650 | _xPhilippines. | ||
| 999 |
_c340380 _d340380 |
||